00535nam a2200181Ii 450000100060000000300090000600800410001504000330005604100080008908200130009710000180011024500930012826400390022130000120026033600260027233700280029833800270032612014CO-ViMGA241108s9999||||xx |||||||||||||| ||und|| aCO-ViMGAbspaerdacCO-ViMGA0 aspa04a330 T5871 aJan Tinbergen10aHacia una economía mundial:bSugerencias para una política económica internacional 1aMadrid, España : Oikos-Tau, 1969 avolumen atextbtxt2rdacontent aunmediatedbn2rdamedia avolumebnc2rdacarrier